|
|
|
|
| LEADER |
03785nam a2200601 4500 |
| 001 |
978-3-540-48519-3 |
| 003 |
DE-He213 |
| 005 |
20191023222125.0 |
| 007 |
cr nn 008mamaa |
| 008 |
121227s1999 gw | s |||| 0|eng d |
| 020 |
|
|
|a 9783540485193
|9 978-3-540-48519-3
|
| 024 |
7 |
|
|a 10.1007/3-540-48519-8
|2 doi
|
| 040 |
|
|
|d GrThAP
|
| 050 |
|
4 |
|a QA76.9.D335
|
| 072 |
|
7 |
|a GPJ
|2 bicssc
|
| 072 |
|
7 |
|a COM053000
|2 bisacsh
|
| 072 |
|
7 |
|a GPJ
|2 thema
|
| 072 |
|
7 |
|a URY
|2 thema
|
| 082 |
0 |
4 |
|a 005.82
|2 23
|
| 245 |
1 |
0 |
|a Fast Software Encryption
|h [electronic resource] :
|b 6th International Workshop, FSE'99 Rome, Italy, March 24-26, 1999 Proceedings /
|c edited by Lars Knudsen.
|
| 250 |
|
|
|a 1st ed. 1999.
|
| 264 |
|
1 |
|a Berlin, Heidelberg :
|b Springer Berlin Heidelberg :
|b Imprint: Springer,
|c 1999.
|
| 300 |
|
|
|a VIII, 324 p.
|b online resource.
|
| 336 |
|
|
|a text
|b txt
|2 rdacontent
|
| 337 |
|
|
|a computer
|b c
|2 rdamedia
|
| 338 |
|
|
|a online resource
|b cr
|2 rdacarrier
|
| 347 |
|
|
|a text file
|b PDF
|2 rda
|
| 490 |
1 |
|
|a Lecture Notes in Computer Science,
|x 0302-9743 ;
|v 1636
|
| 505 |
0 |
|
|a Advanced Encryption Standard -- Improved Analysis of Some Simplified Variants of RC6 -- Linear Cryptanalysis of RC5 and RC6 -- A Revised Version of CRYPTON: CRYPTON V1.0 -- Attack on Six Rounds of CRYPTON -- On the Security of the 128-bit Block Cipher DEAL -- Cryptanalysis of a Reduced Version of the Block Cipher E2 -- On the Decorrelated Fast Cipher (DFC) and Its Theory -- Remotely Keyed Encryption -- Scramble All, Encrypt Small -- Accelerated Remotely Keyed Encryption -- Analysis of Block Ciphers I -- Miss in the Middle Attacks on IDEA and Khufu -- Mod n Cryptanalysis, with Applications against RC5P and M6 -- The Boomerang Attack -- Miscellaneous -- Towards Making Luby-Rackoff Ciphers Optimal and Practical -- A New Characterization of Almost Bent Functions -- Imprimitive Permutation Groups and Trapdoors in Iterated Block Ciphers -- Modes of Operation -- On the Security of Double and 2-Key Triple Modes of Operation -- On the Construction of Variable-Input-Length Ciphers -- Analysis of Block Ciphers II -- Slide Attacks -- On the Security of CS-Cipher -- Interpolation Attacks of the Block Cipher: SNAKE -- Stream Ciphers -- High-Speed Pseudorandom Number Generation with Small Memory -- SOBER Cryptanalysis.
|
| 650 |
|
0 |
|a Data encryption (Computer science).
|
| 650 |
|
0 |
|a Computer programming.
|
| 650 |
|
0 |
|a Algorithms.
|
| 650 |
|
0 |
|a Coding theory.
|
| 650 |
|
0 |
|a Information theory.
|
| 650 |
|
0 |
|a Management information systems.
|
| 650 |
|
0 |
|a Computer science.
|
| 650 |
1 |
4 |
|a Cryptology.
|0 http://scigraph.springernature.com/things/product-market-codes/I28020
|
| 650 |
2 |
4 |
|a Programming Techniques.
|0 http://scigraph.springernature.com/things/product-market-codes/I14010
|
| 650 |
2 |
4 |
|a Algorithm Analysis and Problem Complexity.
|0 http://scigraph.springernature.com/things/product-market-codes/I16021
|
| 650 |
2 |
4 |
|a Coding and Information Theory.
|0 http://scigraph.springernature.com/things/product-market-codes/I15041
|
| 650 |
2 |
4 |
|a Management of Computing and Information Systems.
|0 http://scigraph.springernature.com/things/product-market-codes/I24067
|
| 650 |
2 |
4 |
|a Algorithms.
|0 http://scigraph.springernature.com/things/product-market-codes/M14018
|
| 700 |
1 |
|
|a Knudsen, Lars.
|e editor.
|4 edt
|4 http://id.loc.gov/vocabulary/relators/edt
|
| 710 |
2 |
|
|a SpringerLink (Online service)
|
| 773 |
0 |
|
|t Springer eBooks
|
| 776 |
0 |
8 |
|i Printed edition:
|z 9783662188477
|
| 776 |
0 |
8 |
|i Printed edition:
|z 9783540662266
|
| 830 |
|
0 |
|a Lecture Notes in Computer Science,
|x 0302-9743 ;
|v 1636
|
| 856 |
4 |
0 |
|u https://doi.org/10.1007/3-540-48519-8
|z Full Text via HEAL-Link
|
| 912 |
|
|
|a ZDB-2-SCS
|
| 912 |
|
|
|a ZDB-2-LNC
|
| 912 |
|
|
|a ZDB-2-BAE
|
| 950 |
|
|
|a Computer Science (Springer-11645)
|